|
|
|
|
| LEADER |
00000nab a2200000 a 4500 |
| 001 |
vtls000537378 |
| 005 |
20260402152158.0 |
| 008 |
250425c1994 xo 0 eng |
| 015 |
|
|
|a SNBRA19rr/mm-uuuuu
|
| 035 |
|
|
|a CL0537516
|
| 035 |
|
|
|a (urnnbn)urn:nbn:sk:snk:ar-a07pgw
|
| 035 |
|
|
|a (uuid)a187ad82-64d1-42c8-8cac-21aee1d2d3ec
|
| 035 |
|
|
|a urn:nbn:sk:snk-ab8avq
|
| 040 |
|
|
|a SNKBUCL
|b slo
|c SNKBUCL
|e AACR2
|
| 041 |
0 |
|
|a eng
|
| 044 |
|
|
|a xo
|c SK
|
| 080 |
|
|
|a 504.54:502.5
|2 1981
|
| 080 |
|
|
|a 502.5
|2 1981
|
| 100 |
1 |
|
|a Tremboš, Peter,
|d 1960-
|4 aut
|9 1636119
|
| 245 |
1 |
0 |
|a Identification of Selected Natural Hazards from Viewpoint of the Evaluation of Environmental Limits
|c Peter Tremboš, Jozef Minár, Zora Machová
|
| 300 |
|
|
|b Obr. 9, res. slov., lit. 12 zázn. v angl., češ., ruš.
|
| 650 |
0 |
7 |
|a hazardy prírodné
|2 snkbucl
|9 1312027
|
| 650 |
0 |
7 |
|a limity environmentálne
|2 snkbucl
|9 1277372
|
| 655 |
|
7 |
|a články zo zborníkov
|2 snkbucl
|9 166140
|
| 700 |
1 |
|
|a Minár, Jozef,
|d 1962-
|4 aut
|9 255000
|
| 700 |
1 |
|
|a Machová, Zora
|4 aut
|9 11769
|
| 773 |
0 |
|
|t Acta Facultatis rerum naturalium Universitatis Comenianae. Geographica 34
|d Bratislava : Univerzita Komenského, 1994
|g S. 135-151
|z 8022308277
|
| 852 |
|
|
|a Slovenská národná knižnica
|
| 958 |
|
|
|a article9
|
| 958 |
|
|
|a OND
|
| 958 |
|
|
|a NB
|
| 958 |
|
|
|a RK
|
| 958 |
|
|
|a EUIPO
|
| 999 |
|
|
|c 2803321
|d 2805251
|